000 00866nam a2200265Ia 4500
003 OSt
005 20220930090510.0
006 a|||||r|||| 00| 0
007 ta
008 220926b |||||||| |||| 00| 0 eng d
024 _a117372
037 _cTheses
040 _aCRL
_cCRL
_beng
041 _2eng
_aeng
100 _aGupta Ruby
_9537355
110 _aUniversity of Delhi. Faculty of Medical Sciences. Department of Biomedicine
245 0 _aPharmacophore design, virtual screening and development of novel Cox-2 selective inhibitors
260 _c2011
650 _aBIOCHEMISTRY
700 _a Dr. Madhu Chopra Gu.
700 _a Prof. B. C. Das Gu.
700 _aUniversity of Delhi. Faculty of Medical Sciences. Department of Biomedicine
942 _cDIS
_2CC
999 _c880647
_d880647